E.U.A.- U.R.S.S.: pasado y porvenir de la détente

Đã lưu trong:
Chi tiết về thư mục
Tác giả chính: Petrov, Vladimir (Tác giả)
Định dạng: Sách
Ngôn ngữ:Tiếng Tây Ban Nha
Được phát hành: Buenos Aires Edisar 1976
Những chủ đề:
Các nhãn: Thêm thẻ
Không có thẻ, Là người đầu tiên thẻ bản ghi này!

MARC

LEADER 00000nam a2200000 a 4500
001 UCT7835
003 CL-VaPUC
008 970317e19760000AG |||||||||||||||||spa|d
082 0 4 |a 327.730  |b PET  |2 21 
100 0 |a Petrov, Vladimir  |e author  |9 379039 
245 1 0 |a E.U.A.- U.R.S.S.: pasado y porvenir de la détente 
300 |a 81 p 
942 |c BK 
945 |d 19970317 00:00:00  |a paguirre 
260 |a Buenos Aires  |b Edisar  |c 1976 
650 0 |a Relaciones Internacionales  |9 255740 
650 0 |a Política internacional  |9 255813 
650 0 |a Comunismo  |9 255588 
650 0 |a Conflicto internacional  |9 341259 
650 0 |a Guerra Fría   |9 319648 
651 0 |a Estados Unidos  |9 255178 
651 0 |a Unión Soviética  |9 256769 
583 |a last modification  |c 19970317 00:00:00  |k Rodrigo Vera 
999 |c 256382  |d 256380 
952 |0 0  |1 0  |4 0  |6 327_730000000000000_PET_1976  |7 0  |8 A  |9 279087  |a BIBDER  |b BIBDER  |d 2019-11-19  |i 180832K  |o 327.730 PET 1976  |p 180832K  |r 2023-01-25  |w 2019-11-19  |y BK  |k DER